Most Wins on WWE Smackdown - Statistics

General Stats
  • This quiz has been taken 29 times
  • The average score is 16 of 25
Answer Stats
Rank Wins Answer % Correct
13 118 John Cena
100%
11 123 The Undertaker
90%
1 238 Rey Mysterio
85%
4 164 Kane
80%
19 107 Edge
75%
3 167 Randy Orton
75%
14 116 Roman Reigns
75%
8 140 Jey Uso
65%
9 137 Jimmy Uso
65%
2 185 The Big Show
65%
7 143 Dolph Ziggler
60%
18 112 Jeff Hardy
60%
16 114 Kurt Angle
60%
10 128 Matt Hardy
60%
24 96 The Miz
60%
17 112 AJ Styles
55%
12 119 Daniel Bryan
55%
25 92 Eddie Guerrero
55%
6 148 Kofi Kingston
55%
20 103 Big E
50%
15 115 Chris Benoit
50%
23 96 Chris Jericho
45%
5 150 Sheamus
45%
21 99 Cody Rhodes
40%
22 96 Shinsuke Nakamura
30%
No matching quizzes found
Score Distribution
Percent of People with Each Score
Percentile by Number Answered
Your Score History
You have not taken this quiz